Регионална библиотека "Любен Каравелов" - Русе

Игра на Господ (Запис номер 45828)

MARC детайли
000 -Лидер
Контролно поле с фиксирана дължина 01339nam a2200361 c 4500
003 - Код на организацията, давaща контролен номер
Контролно поле BLK
005 - Дата и час на последна редакция
Контролно поле 20240321112435.0
008 - Елементи от данни с фиксирана дължина
fixed length control field 180408b bul|||||r ||||||| ||bul||
010 ## - Наследен системен номер
LC control number KNG00049627000
020 ## - Международен стандартен номер на книга ISBN
Международен стандартен номер на книга ISBN 954-701-166-9
040 ## - Източник на каталожния запис
Идентификатор на билиотеката - собственик на записа BLK
041 ## - Код за език
Код за езика на текст/звукозапис или на отделно заглавие Български
Код за езика КДБФ Български
080 ## - УДК
Текстов определител УДК Американска литература (на САЩ)
УДК код - определител по УДК 821.111(73)
УДК определител -312.4
УДК - код + определител 821.111(73)-312.4
100 1# - Редна дума - Автор
Автор Милс, Кайл
Авторска отговорност първи автор
R(LIN) 270089
139 ## - Редно поле
Редна дума Милс, Кайл
Авторски знак Мило - М 61
245 10 - Сведения за заглавието
Заглавие Игра на Господ
Подзаглавни данни Роман
Редно поле (дума) Кайл Милс; прев. Димитър Добрев.
257 ## - Страна на издаване
Страна на създаване/издаване Съединени американски щати
260 ## - Област на издателските данни
Име на издателя, разпространителя и проч. Компас
Година на издаване 2005
Печатница В. Търново : Абагар
300 ## - Физическа характеристика
Страници 447 с.
Размери/Мащаб 20 см
380 ## - Жанр
Жанр Худож. лит.
490 ## - СЕРИИ (Колекции)
Име на серия Библиотека Светът на трилъра
9 (RLIN) 201878
500 ## - Общи забележки
Забележка Ориг. загл. Storming Heaven / Kyle Mills. - Офс. изд.
653 ## - Ключова дума – ненормативна
Ключова дума трилъри
653 ## - Ключова дума – ненормативна
Ключова дума романи
700 ## - Други автори (авторска отговорност)
Лично име Димитров, Димитър Добрев
Дати, свързани с автора 1961 -
Друга информация Преводач от английски език.
9 (RLIN) 322262
852 ## - Местоположение
Форматна сигнатура Цб 223471
856 4# - Електронен адрес и достъп
Електронен формат pdf - файл
Инструкция (цена за достъп) 0.00
Права за достъп disable
856 4# - Електронен адрес и достъп
Електронен формат pdf - файл
Инструкция (цена за достъп) 0.00
Права за достъп disable
999 ## - СИСТЕМНИ КОНТРОЛНИ НОМЕРА
Koha biblionumber 45828
Koha biblioitemnumber 45828
942 ## - АРТИКУЛИ
Вид на библиотечния материал Книги
Скрит в OPAC Не
Периодичен библиозапис Да
944 ## - СЪЗДАВАНЕ И РЕДАКЦИЯ на ЗАПИСА
Създаване/Редакция Създаване
Дата на регистрацията/редакция 22.04.2005
Служител, извършил регистрацията/редакцията 30560
Статус, дата на статуса Геновева Генчева
944 ## - СЪЗДАВАНЕ И РЕДАКЦИЯ на ЗАПИСА
Създаване/Редакция Редакция
Дата на регистрацията/редакция 17.10.2006
999 ## - СИСТЕМНИ КОНТРОЛНИ НОМЕРА
Koha biblioitemnumber 45828
Наличности
Код за отписване Код за изгубен артикул Източник на класификационната схема Код за повреда Коз за рестрикции Код за отдаване Артикулен № Име на библиотеката - собственик Име на библиотеката, в която се намира в момента Статус (Текущо местоположение) Дата на вписване в системата Местоположение - отдел Цена в лева Инвентарен номер Систематично азбучна сигнатура Баркод Номер на екземпляра Цена в евро Служебна бележка Служебен тип на артикула
Изтеглен Не е изгубен Universal Decimal Classification Не е повреден без рестрикции заемане за дома 72189 Регионална библиотека "Любен Каравелов" Русе Регионална библиотека "Любен Каравелов" Русе Заемна - подръчен фонд 2005-04-22 Заемна - подръчен фонд 10.00 120000693504 П 820(73)-31/М 61 120000693504 1 5.11 Дост: Pk Вид: Ф N: 7а Дата: 21.04.2005 Книги
  Не е изгубен   Не е повреден без рестрикции ползва се в читалня 72190 Регионална библиотека "Любен Каравелов" Русе Регионална библиотека "Любен Каравелов" Русе Хранилище 2006-10-10 Хранилище 10.00 120000705808 Цб 223471 120000705808 2 5.11 Дост: Dp Вид: Д N: 44 Дата: 19.10.2005 Книги
Vip Innovations Ltd, Rousse, Bulgaria 2025